Social choice, welfare and ethics proceedings of the eighth international symposium in economic theory and econometrics
Enregistré dans:
| Collectivité auteur: | |
|---|---|
| Autres auteurs: | , , , |
| Format: | Livre |
| Langue: | anglais |
| Publié: |
New York
Cambridge University Press
2006
|
| Collection: | International symposia in economic theory and econometrics
|
| Sujets: | |
| Tags: |
Pas de tags, Soyez le premier à ajouter un tag!
|
MARC
| LEADER | 00000nam a2200000 4500 | ||
|---|---|---|---|
| 001 | 0143568 | ||
| 005 | 20240104135340.1 | ||
| 020 | |a 978-0-521-02621-5 | ||
| 020 | |a 0-521-02621-0 | ||
| 041 | 0 | |a eng | |
| 044 | |a US | ||
| 245 | 1 | 0 | |a Social choice, welfare and ethics |b proceedings of the eighth international symposium in economic theory and econometrics |c edited by William A. Barnett ... [et al.] |
| 264 | 1 | |a New York |b Cambridge University Press |c 2006 | |
| 300 | |a xi, 419 s. | ||
| 490 | 1 | |a International symposia in economic theory and econometrics | |
| 830 | 0 | |a International symposia in economic theory and econometrics | |
| 610 | 2 | 0 | |a prosperita ekonomická |
| 610 | 2 | 0 | |a blahobyt |
| 610 | 2 | 0 | |a politika sociálna |
| 610 | 2 | 0 | |a teória sociálna |
| 610 | 2 | 0 | |a morálka |
| 610 | 2 | 0 | |a etika |
| 610 | 2 | 0 | |a modely ekonometrické |
| 610 | 2 | 0 | |a teória hier |
| 700 | 1 | |a Barnett, William A. | |
| 700 | 1 | |a Moulin, Hervé | |
| 700 | 1 | |a Salles, Maurice | |
| 700 | 1 | |a Schofield, Norman J. | |
| 110 | 2 | |a International symposium in economic theory and econometrics | |